000 00298nam a22001337a 4500
008 180824b xxu||||| |||| 00| 0 eng d
020 _a9780323057998
041 _aeng
080 _a61
100 _a2
101 _aSHM
245 _a2012 INTRAVENOUS MEDICATIONS
_cGAHART.B.L
942 _2udc
_cBK
999 _c47298
_d47298